000 00522nam a2200193Ia 4500
003 OSt
005 20250630152118.0
008 210210b1991 xxu||||| |||| 00| 0 eng d
040 _cAL
041 _aKannada
082 _a255.53K DAMS
100 _aDAMODARA SHETTI (N)
_9132298
_dದಾಮೋದರ ಶೆಟ್ಟಿ (ಎನ್)
245 _aSanidhya.
_bಸಾನಿಧ್ಯ
260 _aMangaluru
_bKannada Sangha
_c1991
300 _ax,77
690 _aChristianity
_9132299
906 _a044766
942 _2ddc
_cBK
999 _c94287
_d94287